000 02717nam a22002777a 4500
001 1658
003 FISKH
005 20230915113728.0
008 230913b cb ||||| |||| 00| 0 khr d
020 _a9789924341444
040 _aFISKH
_beng
_cFISKH
_dFISKH
082 _a813.081
100 _aChoulean, Ang
245 _aអាស្បូវ /
_bប្រលោមលោកប្រវត្តសាស្រ្ត :
_cអាំង ជូលាន គំនូរ ៖ មាស សារ៉ាន
260 _aPhnom Penh :
_bSipar,
_c2022.
300 _a122 pages :
_billustrations ;
_c20 cm
505 _aZ'
520 _aចាប់ពីសតវត្សទី១៦-១៨ សិលាចារឹកជាច្រើនត្រូវបានរកឃើញនៅក្នុងប្រាសាទបុរាណនានាទូទាំងប្រទេសកម្ពុជា។ សិលាចារឹកទាំងនេះភាគច្រើនជាភាសាខ្មែរ។ ភាគច្រើនត្រូវបានចារឹកលើសសរ និងជញ្ជាំងប្រាសាទ ហើយធ្វើនៅលើដង្ហែសាសនាទៅកាន់ប្រាសាទទាំងនោះ ដែលជានិមិត្តសញ្ញារបស់ខ្មែរ។ ទន្ទឹម​នឹង​ការ​ធ្វើ​ធម្មយាត្រា​នេះ ក៏​ជា​ឱកាស​សម្រាប់​ពួក​អភិជន​ធ្វើ​បុណ្យ​ដោយ​ការ​ដោះ​លែង “ទាសករ”។ ប្រលោមលោក​នាំ​អ្នក​អាន​ទៅ​មើល​ឱកាស​ដ៏​កម្រ​ទាំង​នោះ​បាន​កើត​ឡើង​ជាង​បួន​សតវត្ស​មុន។
520 _aFrom the 16th-18th centuries, numerous inscriptions are found in ancient temples across Cambodia. Most of these inscriptions are in the Khmer language. Most of them are inscribed on the pillars and walls of the temples and made on the religious pilgrimage to those temples, the symbol of Khmer. Along with the pilgrimage, it is also the occasion for the nobles to make merit by releasing “slaves.” The novel takes readers to witness those rare occasions that happened over four centuries ago.
521 8 _a920
_bLexile estimate
521 8 _aZ'
_bRaz-Plus
650 _aប្រលោមលោក ប្រវត្តិសាស្រ្ត
_vរឿងប្រឌិត
650 _aHistorical novel
_vFiction
700 _aMeas, Saran
_eillustrator
942 _2ddc
_cKHB
_n0
999 _c1658
_d1658